000 00374nam a22001457a 4500
999 _c8010
_d8010
003 OSt
005 20200617123922.0
008 200617b ||||| |||| 00| 0 eng d
020 _a9787562337799
082 _a725.3
_bTAR
100 _aTart J
245 _aTransportation and sports building
260 _a2012
_bSouth China University of Technology Press
_c2000
942 _2ddc